Electrónica digital: teoría, problemas y simulación (Registro nro. 10036)
[ vista simple ]
| 000 -Cabecera | |
|---|---|
| Campo de control de longitud fija | 00815nam a22002897a 4500 |
| 005 - Fecha y hora de la última transacción | |
| Campo de control | 20230913092248.0 |
| 008 - Elementos de longitud fija--Información general | |
| Campo de control de longitud fija | 171206b2013 xxu||||| |||| 00| 0 spa d |
| 020 ## - International Standard Book Number | |
| Número Internacional Estándar del Libro (ISBN) | 9786077074625 |
| 041 ## - Idioma | |
| Código de idioma | Español |
| 082 ## - Clasificación Decimal Dewey | |
| Número de clasificación | 621.381 952 M379e |
| 100 ## - Entrada principal--Autor personal | |
| Nombre personal | Martín, Sergio |
| 9 (RLIN) | 54659 |
| 245 ## - Título propiamente dicho | |
| Título | Electrónica digital: teoría, problemas y simulación |
| 260 ## - Pie de imprenta | |
| Lugar de publicación, distribución, etc. | México |
| 260 ## - Pie de imprenta | |
| Nombre del editor, distribuidor, etc. | Alfaomega |
| 260 ## - Pie de imprenta | |
| Fecha de publicación, distribución, etc. | 2013 |
| 300 ## - Descripción física | |
| Extensión | 596 páginas |
| 650 ## - Materia general | |
| Temática (materia general) | ELECTRÓNICA DIGITAL |
| 650 ## - Materia general | |
| Temática (materia general) | CÓDIGOS BINARIOS |
| 650 ## - Materia general | |
| Temática (materia general) | CONVERTIDORES |
| 650 ## - Materia general | |
| Temática (materia general) | ÁLGEBRA DE CONMUTACIÓN |
| 650 ## - Materia general | |
| Temática (materia general) | CIRCUITOS COMBINACIONALES |
| 650 ## - Materia general | |
| Temática (materia general) | CIRCUITOS ARITMÉTICOS |
| 650 ## - Materia general | |
| Temática (materia general) | SISTEMAS ASINCRÓNICOS |
| 650 ## - Materia general | |
| Temática (materia general) | SEMICONDUCTORES |
| 942 ## - Punto de acceso adicional KOHA | |
| Tipo de ítem KOHA | Libro |
| Fuente del sistema de clasificación o colocación | Dewey Decimal Classification |
| Signatura completa | Código de barras | Programa Académico | Tipo de ítem |
|---|---|---|---|
| 621.381 952 M379e | 24442 | Electrónica | Libro |